ბათუმის შოთა რუსთაველის სახელმწიფო უნივერსიტეტის ბიბლიოთეკა

საქრთველოს საგადასახადო სამართალი. ნაწ. 1 (ბიბ.ჩანაწერი № 49373)

000 -LEADER
fixed length control field 01099nam a2200265Ia 4500
001 - CONTROL NUMBER
control field 16290
003 - CONTROL NUMBER IDENTIFIER
control field GE_BSU
008 - FIXED-LENGTH DATA ELEMENTS--GENERAL INFORMATION
fixed length control field 181216s||||||||xx |||||||||||||| ||und||
020 ## - INTERNATIONAL STANDARD BOOK NUMBER
International Standard Book Number 9789941074530
040 ## - CATALOGING SOURCE
Transcribing agency GE_BSU
080 ## - UNIVERSAL DECIMAL CLASSIFICATION NUMBER
Universal Decimal Classification number 342.9(479.22)
100 ## - MAIN ENTRY--PERSONAL NAME
Personal name ხარაზი, ია
245 ## - TITLE STATEMENT
Title საქრთველოს საგადასახადო სამართალი. ნაწ. 1
245 ## - TITLE STATEMENT
Remainder of title ნაწ. 1 :(2015 წლის საგადასახადო კოდექსის თებერვლის თვის მდგომარეობით.
245 ## - TITLE STATEMENT
Statement of responsibility, etc. რედ: ზაურ ჯანჯღავა
250 ## - EDITION STATEMENT
Edition statement მე-3 გადამუშავებული გამოცემა
260 ## - PUBLICATION, DISTRIBUTION, ETC.
Place of publication, distribution, etc. თბილისი
260 ## - PUBLICATION, DISTRIBUTION, ETC.
Name of publisher, distributor, etc. გეორგიკა
260 ## - PUBLICATION, DISTRIBUTION, ETC.
Date of publication, distribution, etc. 2015
300 ## - PHYSICAL DESCRIPTION
Extent 740გვ;20სმ,+1CD`
653 ## - INDEX TERM--UNCONTROLLED
Uncontrolled term სამართალი
653 ## - INDEX TERM--UNCONTROLLED
Uncontrolled term საქრთველოს საგადასახადო სამართალი. ნაწ. 1
942 ## - ADDED ENTRY ELEMENTS (KOHA)
Koha item type წიგნი
ეგზემპლარები
Withdrawn status Lost status Damaged status Not for loan Date acquired Barcode Date last seen Price effective from Koha item type
        2018-12-17 40685 2018-12-17 2018-12-17 წიგნი
        2018-12-17 40686 2018-12-17 2018-12-17 წიგნი
        2018-12-17 40687 2018-12-17 2018-12-17 წიგნი